| 000 | 00586nam a22001937a 4500 | ||
|---|---|---|---|
| 003 | OSt | ||
| 005 | 20180116183032.0 | ||
| 008 | 151222b xxu||||| |||| 00| 0 eng d | ||
| 020 | _a05-266-89-1 | ||
| 024 | _205-266-89-1 | ||
| 040 | _cLahore LUMS | ||
| 082 | _a174.4 LUM 1989 | ||
| 100 | _aQureshi Z I | ||
| 245 |
_aEXXON CHEMICALS PAKISTAN LIMITED- THE ATTRITION PROBLEM _cQureshi Z I |
||
| 260 |
_aLahore LUMS _b Lahore University of Management Sciences _c1989 |
||
| 300 |
_a16 p. _bPapers |
||
| 440 | _aEXXON CHEMICALS PAKISTAN LIMITED- THE ATTRITION PROBLEM | ||
| 942 |
_2ddc _cCS |
||
| 999 |
_c351058 _d351058 |
||